[Event "Olympiad Women 2024"]
[Site "Budapest HUN"]
[Date "2024.09.14"]
[Round "4.1"]
[Board "2"]
[White "Milliet, Sophie"]
[Black "Vaishali, Rameshbabu"]
[Result "1/2-1/2"]
[WhiteElo "2348"]
[BlackElo "2498"]
[PlyCount "51"]
[EventDate "2024.09.11"]
[WhiteTeam "France"]
[BlackTeam "India"]
[WhiteTeamCountry "FRA"]
[BlackTeamCountry "IND"]

1. Nf3 d5 2. g3 Nc6 3. d4 Bf5 4. Bg2 e6 5. O-O Nb4 6. Na3 Be7 7. Ne5 Nf6 8. c3 Nc6 9. Qa4 O-O 10. Nxc6 bxc6 11. Qxc6 Rb8 12. c4 ({RR} 12. Qa4 h5 13. Nc2 h4 14. Nb4 h3 15. Bf3 Ne4 16. Bxe4 Bxe4 17. Nc6 Qd7 18. b3 Bd6 19. Nxb8 Qxa4 20. bxa4 Rxb8 21. f3 Bf5 22. Bf4 Rb2 23. Bxd6 cxd6 24. Rf2 Rb6 25. Rc1 g5 26. g4 Bg6 {1-0 Grischuk,A (2745)-Duda,J (2731) chess.com SpeedChess Q2KO 2022 (1.6)}) 12... Qc8 13. Qa4 ({RR} 13. cxd5 exd5 14. Nb1 Re8 15. a3 Bd6 16. Bg5 Ne4 17. Bc1 h5 18. Qxd5 h4 19. Bf3 c6 20. Qc4 Bh3 21. Rd1 hxg3 22. hxg3 Qf5 23. Qd3 Bg4 24. Nc3 Nxc3 25. bxc3 Qxd3 26. Rxd3 Bxf3 27. Rxf3 Rxe2 {1-0 Meier,G (2616)-Krysa,L (2541) 7th Marcel Duchamp Cup 2024 (5.1)}) 13... c5 $146 ({RR} 13... h5 14. cxd5 exd5 15. Bf4 Rxb2 16. Rfc1 Qe6 17. Bf3 Be4 18. Nc2 c5 19. Ne3 Rb4 20. Qxa7 cxd4 21. a3 dxe3 22. axb4 Qh3 23. Qxe7 Ng4 24. Qh4 exf2+ 25. Kh1 Bxf3+ 26. exf3 {1-0 Daneshvar,B (2500)-Moiseenko,A (2577) World Rapid 2022 (7.37)}) ({RR} 13... Rb4 14. Qd1 c5 15. b3 cxd4 16. Bb2 e5 17. cxd5 Bh3 18. Nc4 Rd8 19. d6 Bf8 20. Nxe5 Bxg2 21. Kxg2 Rb5 22. Nf3 Rh5 23. h4 Rxd6 24. Rc1 Qd7 25. Qd3 Nd5 26. Qxd4 Rg6 27. Rc4 Bd6 28. Rd1 {1-0 Kaidanov,G (2549)-Donchenko,A (2636) 3rd elllobregat Open 2022 (9.10)}) 14. Nb5 Qc6 15. dxc5 Bxc5 16. Nc3 Qxa4 17. Nxa4 Bd4 18. e3 Be5 19. f4 Bc7 20. cxd5 exd5 21. Nc3 Rfd8 22. Rd1 Bg4 23. Rd3 Bf5 24. Rd1 Bg4 25. Rd3 Bf5 26. Rd1 1/2-1/2

[Event "Olympiad Women 2024"]
[Site "Budapest HUN"]
[Date "2024.09.14"]
[Round "4.1"]
[Board "3"]
[White "Divya, Deshmukh"]
[Black "Hejazipour, Mitra"]
[Result "1-0"]
[WhiteElo "2483"]
[BlackElo "2327"]
[PlyCount "111"]
[EventDate "2024.09.11"]
[WhiteTeam "India"]
[BlackTeam "France"]
[WhiteTeamCountry "IND"]
[BlackTeamCountry "FRA"]

1. e4 c5 2. Nf3 d6 3. d4 Nf6 4. Nc3 cxd4 5. Nxd4 a6 6. Be2 e5 7. Nb3 Be7 8. Be3 Be6 9. f4 Qc7 10. f5 Bd7 $146 ({RR} 10... Bc4 11. g4 h6 12. h3 Nbd7 13. Bxc4 Qxc4 14. Qd3 Rc8 15. O-O-O Qc7 16. Kb1 b5 ({RR} 16... Nb6 17. g5 hxg5 18. Bxg5 Nh5 19. Bxe7 Kxe7 20. Rdg1 Rh7 21. Rh2 Rch8 22. Ne2 Nf6 23. Nd2) 17. a3 Nb6 18. g5 hxg5 19. Bxg5 Nh5 20. Bxe7 Kxe7 21. Rdg1 Rh7 22. Rh2 Rch8 23. Ne2 Nf6 24. Nd2 Nc4 25. Nf1 {1-0 Jones,K-Verber,R US Open-67 Seattle 1966 (3)}) ({RR} 10... Bc4 11. Bxc4 Qxc4 12. Qd3 Qxd3 13. cxd3 Nc6 14. Ke2 d5 15. Bc5 d4 16. Na4 Nd7 17. Bxe7 Kxe7 18. Rac1 Rhc8 19. Nbc5 Nxc5 20. Rxc5 Nb4 21. a3 Rxc5 22. Nxc5 Nc6 23. Re1 Rb8 24. g4 Na7 25. Kd2 {1-0 Smagin,S (2520)-Rashkovsky,N (2540) Paris-ch op 1990}) ({RR} 10... Bc4 11. Bg5 Nbd7 12. Nd2 Bxe2 13. Qxe2 Nb6 14. a4 Nbd7 15. Nc4 Qc5 16. Ne3 h6 17. Bxf6 Nxf6 18. O-O O-O 19. Kh1 Rac8 20. Ned5 Bd8 21. Nxf6+ Bxf6 22. Rad1 Bg5 23. Rd3 b5 24. axb5 axb5 25. Rd5 {1-0 Palao,A (1956)-Baio,L (1708) Maia Chess Open 2024 (7.22)}) ({RR} 10... Bc4 11. Bf3 Nc6 12. Nd2 d5 13. exd5 Nd4 14. Nxc4 Qxc4 15. Be2 Nxe2 16. Qxe2 Qxe2+ 17. Kxe2 Bb4 18. Rhd1 Bxc3 19. bxc3 Rc8 20. Rab1 Ne4 21. Bd2 b5 22. a4 Rc5 23. axb5 axb5 24. c4 Rxc4 25. Rxb5 {½-½ Borkowski,F (2395)-Pokojowczyk,J (2365) POL-ch36 Tarnow 1979 (6)}) ({RR} 10... Bc4 11. Qd2 Nbd7 12. O-O-O b5 13. g4 b4 14. Nd5 Nxd5 15. exd5 a5 16. Kb1 O-O 17. g5 Rfc8 18. Rhg1 Bxd5 19. f6 Bf8 20. fxg7 Bxg7 21. Qxd5 Qxc2+ 22. Ka1 Qxe2 23. g6 hxg6 24. Rxg6 Qxd1+ 25. Qxd1 {0-1 Kurochkin,V-Moiseev,V (2370) Katowice op 1990 (4)}) 11. O-O O-O 12. a4 Nc6 13. Nd5 Nxd5 14. exd5 Na5 15. Nd2 b5 16. b3 Rfc8 17. Bd3 f6 18. Qh5 Be8 19. Qh4 Bf7 20. Rf3 Kh8 21. Rh3 Bg8 22. Nf3 Nxb3 23. cxb3 Qc3 24. Rd1 Qxb3 25. Qe1 Bxd5 26. Nh4 Kg8 27. Rg3 Qxa4 28. Be2 Bf7 29. Rg4 Qc2 30. Bh6 Bf8 31. Qg3 Qxe2 32. Re1 Qa2 33. Bxg7 Bxg7 34. Rxg7+ Kh8 35. Rg4 Qb3 36. Nf3 Rg8 37. Rxg8+ Rxg8 38. Qh4 Kg7 39. Nd2 Qc2 40. Ne4 Kf8 41. g3 d5 42. Nxf6 Qc5+ 43. Kg2 Qc2+ 44. Kg1 Qc5+ 45. Kh1 Qf2 46. Nd7+ Ke8 47. Nf6+ Kf8 48. Nxh7+ Kg7 49. Qf6+ Kxh7 50. Qxf7+ Rg7 51. Qh5+ Kg8 52. Qe8+ Kh7 53. Qh5+ Kg8 54. Rc1 Rc7 55. Qe8+ Kg7 56. Rxc7+ 1-0

[Event "Olympiad Women 2024"]
[Site "Budapest HUN"]
[Date "2024.09.14"]
[Round "4.1"]
[Board "4"]
[White "Benmesbah, Natacha"]
[Black "Tania, Sachdev"]
[Result "0-1"]
[WhiteElo "2258"]
[BlackElo "2386"]
[PlyCount "100"]
[EventDate "2024.09.11"]
[WhiteTeam "France"]
[BlackTeam "India"]
[WhiteTeamCountry "FRA"]
[BlackTeamCountry "IND"]

1. e4 c5 2. Nf3 e6 3. Nc3 a6 4. d4 cxd4 5. Nxd4 Qc7 6. Be3 Nf6 7. a3 b5 8. Qd2 Bb7 9. f3 b4 ({RR} 9... Nc6 10. Nb3 Ne5 11. Qf2 d5 12. Bb6 Qc8 13. Bd4 Bd6 14. f4 Neg4 15. Qd2 e5 16. fxe5 Nxe5 17. exd5 O-O 18. O-O-O Qc7 19. Kb1 Rac8 20. Bd3 Rfe8 21. Rhf1 Nxd5 22. Bf5 Rcd8 23. Qg5 h6 24. Qg3 {½-½ Miesbauer,J (2393)-Movsesian,S (2606) TCh-CZE Extraliga 2023-24 (10.4)}) 10. axb4 Bxb4 11. Ra4 $146 ({RR} 11. Nde2 d5 12. Qd4 Nc6 13. Qd3 Rd8 14. Bd2 dxe4 15. Qe3 exf3 16. gxf3 Ne5 17. Bg2 Nc4 {0-1 Kapolkova,G (1567)-Nadzamova,V (1946) SVK-chT 1920 2019 (11.7)}) ({RR} 11. Bd3 d5 12. exd5 Nxd5 13. Nde2 Nxe3 14. Qxe3 O-O 15. O-O-O Nc6 16. f4 Ne7 17. Qh3 g6 18. Ne4 Bxe4 19. Bxe4 Rab8 20. Qf3 Qa5 21. c3 Qa1+ 22. Kc2 Qa4+ 23. Kb1 Ba3 24. Rd2 Bxb2 25. Rxb2 Rxb2+ {0-1 Kireeva,L (2061)-Krylov,S (2297) W-ch Disabled 2013 (2)}) ({RR} 11. Kf2 O-O 12. g4 Bxe4 13. Bd3 Bb7 14. h4 Nc6 15. Nxc6 Qxc6 16. Qe2 Nxg4+ 17. Kg3 Nxe3 18. Qxe3 f5 19. Qe2 d5 20. f4 d4 21. Na2 Ba5 22. Rhg1 Rae8 23. Kh3 Qd6 24. Rg3 Qxf4 25. Rag1 Rf7 {0-1 Camara,H-Ary,C BRA-ch27 Fortaleza 1960 (9)}) 11... Be7 12. Bd3 O-O 13. O-O d5 14. exd5 Nxd5 15. Nxd5 Bxd5 16. c4 Bb7 17. Qa5 Qxa5 18. Rxa5 Nd7 19. Nc2 Rfc8 20. Be2 Bd8 21. Ra3 Ne5 22. b3 a5 23. Rfa1 Nc6 24. Kf2 Bf6 25. Rd1 Rd8 26. Rxd8+ Rxd8 27. Ra2 Bc3 28. f4 Rb8 29. Bf3 Ba8 30. Bxc6 Bxc6 31. Nd4 Be4 32. Nb5 Bb4 33. Bd4 f6 34. Ke3 Bc6 35. Na7 Bd7 36. c5 e5 37. fxe5 fxe5 38. Bxe5 Bxc5+ 39. Kd2 Re8 40. Bc3 Bxa7 41. Rxa5 Be3+ 42. Kd3 Bb6 43. Rd5 Bc6 44. Rd6 Be4+ 45. Kd2 Bc7 46. Rd7 Bf4+ 47. Kd1 Be5 48. Bxe5 Rxe5 49. g3 Rd5+ 50. Rxd5 Bxd5 0-1

[Event "Olympiad Women 2024"]
[Site "Budapest HUN"]
[Date "2024.09.14"]
[Round "4.2"]
[Board "2"]
[White "Hoang, Thanh Trang"]
[Black "Kakulidis, Ellen"]
[Result "1-0"]
[WhiteElo "2351"]
[BlackElo "2048"]
[PlyCount "73"]
[EventDate "2024.09.11"]
[WhiteTeam "Hungary"]
[BlackTeam "Denmark"]
[WhiteTeamCountry "HUN"]
[BlackTeamCountry "DEN"]

1. d4 d5 2. c4 c6 3. Nf3 Nf6 4. Qc2 dxc4 5. Qxc4 Bf5 6. g3 e6 7. Bg2 Be7 8. O-O O-O 9. e3 Nbd7 10. Rd1 a5 ({RR} 10... h6 11. Nc3 Bc2 12. Re1 Bh7 13. Qe2 Ne4 14. Nd2 Nxd2 15. Bxd2 Nf6 16. Rad1 a5 17. e4 a4 18. a3 Qb6 19. Be3 Qa6 20. Qxa6 Rxa6 21. d5 Rd8 22. Bf1 Raa8 23. Bb6 Rd7 24. Bh3 Ra6 25. Be3 {0-1 Mamedyarov,S (2763)-Aronian,L (2801) Wch Blitz 5th 2010 (21)}) 11. Nc3 $146 ({RR} 11. Qe2 a4 12. a3 Qa5 13. Nc3 Ne4 14. Bd2 Nxd2 15. Nxd2 Bc2 16. Rdc1 Bg6 17. Nc4 Qa6 18. e4 Nb6 19. Ne5 Rfd8 20. Rd1 Bf6 21. Nxg6 hxg6 22. e5 Qxe2 23. Nxe2 Be7 24. Rac1 Ra5 25. Nc3 Nc4 {½-½ Sriniaiyer,S (2038)-Shundi,M (1806) Charlotte Carolinas op 2021 (5)}) ({RR} 11. Qe2 a4 12. Ne1 Qa5 13. e4 Bg6 14. Bd2 Bb4 15. f3 e5 16. Bxb4 Qxb4 17. Qd2 Qe7 18. Na3 Rfd8 19. Qc3 Ne8 20. dxe5 Nxe5 21. f4 Nd7 22. e5 f6 23. Nf3 fxe5 24. Nxe5 Nxe5 25. Qxe5 Qxe5 {½-½ Fishbein,M (2120)-Blomqvist,E (2521) Norway Chess Open Masters 2023 (10.11)}) 11... a4 12. Ne1 a3 13. bxa3 Bxa3 14. e4 Bxc1 15. Rdxc1 Bg6 16. Rab1 Ra7 17. Rb3 Qa8 18. a4 h6 19. Nd3 Re8 20. f4 Ra5 21. Nf2 Qa7 22. Rcb1 Rb8 23. g4 c5 24. f5 exf5 25. exf5 cxd4 26. fxg6 dxc3 27. Rxb7 Rxb7 28. Qc8+ Nf8 29. Rxb7 Qc5 30. Rc7 Qb4 31. gxf7+ Kh7 32. Bf1 Rxa4 33. Rc4 Qb3 34. Rxa4 Qxa4 35. Qxf8 Qc6 36. Bd3+ g6 37. Qe7 1-0

[Event "Olympiad Women 2024"]
[Site "Budapest HUN"]
[Date "2024.09.14"]
[Round "4.3"]
[Board "1"]
[White "Yao, Lan"]
[Black "Zhu, Jiner"]
[Result "0-1"]
[WhiteElo "2353"]
[BlackElo "2487"]
[PlyCount "102"]
[EventDate "2024.09.11"]
[WhiteTeam "England"]
[BlackTeam "China"]
[WhiteTeamCountry "ENG"]
[BlackTeamCountry "CHN"]

1. e4 c5 2. Nf3 Nc6 3. d4 cxd4 4. Nxd4 e5 5. Nb5 d6 6. c4 Nf6 7. N1c3 a6 8. Na3 Be6 ({RR} 8... g6 9. Be2 Bg7 10. O-O O-O 11. Bg5 h6 12. Be3 Be6 13. Qd2 Nd4 14. f3 Rc8 15. Rf2 Kh7 16. Bf1 Nd7 17. Rd1 Nb8 18. Nc2 Nbc6 19. Nd5 Nxc2 20. Qxc2 Nd4 21. Bxd4 exd4 22. Bd3 b5 23. Qe2 {1-0 Mastrovasilis,D (2615)-Maghsoodloo,P (2695) Online Olym Div Top-A rapid 2021 (7.5)}) 9. Be2 ({RR} 9. Nc2 Be7 10. Be2 O-O 11. O-O Rc8 12. b4 Nb8 13. Ne3 b5 14. Ncd5 Nxe4 15. f3 Nf6 16. cxb5 axb5 17. Bxb5 Nc6 18. Bxc6 Rxc6 19. b5 Rc8 20. a4 Nxd5 21. Nxd5 Rc5 22. Nxe7+ Qxe7 23. Be3 Rc4 {1-0 Sprzeczka,E (2149)-Maria,L (2046) 32nd EY Girls U16 2024 (7.4)}) 9... Nd4 10. Be3 $146 ({RR} 10. Nc2 Nxe2 11. Qxe2 Rc8 12. Ne3 Qc7 13. Ncd5 Qc5 14. f3 Nxd5 15. cxd5 Bd7 16. a4 Bxa4 17. Bd2 Bb5 18. Qd1 Qd4 19. Rc1 Rc5 20. b4 Rxc1 21. Qxc1 Kd7 22. Qc3 Qxc3 23. Bxc3 Be7 24. Nf5 Rc8 {0-1 Kapnisis,S-Bunzmann,D EU-ch U14 Herculane 1994 (8)}) ({RR} 10. O-O Rc8 11. Bd3 g6 12. b3 Bg7 13. Ne2 Nc6 14. Nc2 O-O 15. Bg5 h6 16. Bh4 b5 17. Ne3 g5 18. Bg3 bxc4 19. bxc4 Nh5 20. Rb1 Nf4 21. Nc3 Nd4 22. Ne2 Nc6 23. Nc3 Qa5 24. Ncd5 Rb8 {½-½ Bilguun,S (2482)-Motylev,A (2654) Belt and Road Hunan op-A 2019 (2)}) ({RR} 10. O-O Rc8 11. Bd3 Be7 12. Be3 Nc6 13. f3 O-O 14. Qd2 Nb4 15. Be2 h6 16. Na4 Nc6 17. Nb6 Rb8 18. Rfd1 Re8 19. Nd5 Bf8 20. Bb6 Qd7 21. Rac1 Rbc8 22. Be3 Bxd5 23. cxd5 Nb8 24. Nc4 Qe7 {1-0 Rubil,M (2227)-Santa,R (2174) CRO Cup Mali Losinj 2018 (4.52)}) 10... Nxe2 11. Qxe2 Rc8 12. f3 Be7 13. O-O O-O 14. Nd5 Nxd5 15. cxd5 Bd7 16. Rfc1 b5 17. Rxc8 Qxc8 18. Rc1 Qb7 19. Qd2 f5 20. Nc2 Bd8 21. Nb4 fxe4 22. fxe4 Ba5 23. a3 Be8 24. Qd3 Bb6 25. Re1 a5 26. Na2 Bg6 27. Nc3 b4 28. axb4 axb4 29. Ne2 Qa7 30. Ng3 h5 31. Nf1 Rf4 32. Nd2 Bxe3+ 33. Qxe3 Qa2 34. g3 Rf8 35. b3 Qc2 36. Nc4 Ra8 37. Re2 Ra1+ 38. Kg2 Qd1 39. Kh3 Be8 40. Nxd6 Qf1+ 41. Rg2 Bd7+ 42. Nf5 Ra2 43. Qg1 Bxf5+ 44. exf5 Qxf5+ 45. g4 Qf3+ 46. Rg3 hxg4+ 47. Kh4 Qf4 48. d6 Rxh2+ 49. Qxh2 Qh6+ 50. Kxg4 Qxh2 51. Rf3 Qd2 0-1

[Event "Olympiad Women 2024"]
[Site "Budapest HUN"]
[Date "2024.09.14"]
[Round "4.3"]
[Board "3"]
[White "Hunt, Harriet V"]
[Black "Ni, Shiqun"]
[Result "0-1"]
[WhiteElo "2304"]
[BlackElo "2348"]
[PlyCount "54"]
[EventDate "2024.09.11"]
[WhiteTeam "England"]
[BlackTeam "China"]
[WhiteTeamCountry "ENG"]
[BlackTeamCountry "CHN"]

1. e4 e5 2. Nf3 Nf6 3. d4 Nxe4 4. Bd3 d5 5. dxe5 Nc5 6. Be2 Be7 7. O-O Ne6 ({RR} 7... O-O 8. Be3 c6 9. c4 dxc4 10. Bxc4 Be6 11. Bxe6 Nxe6 12. Qc2 Na6 13. Nc3 Nb4 14. Qb3 Qc7 15. a3 Nd3 16. Nb5 cxb5 17. Qxd3 a6 18. Rac1 Qd8 19. Qe4 Qb8 20. Nd4 Nxd4 21. Bxd4 Rd8 22. f4 {1-0 Ponomariov,R (2731)-Wang,H (2735) Beijing Sportaccord blitz 2013 (2)}) 8. Be3 c5 ({RR} 8... b6 9. c4 dxc4 10. Qc2 Bb7 11. Rd1 Qc8 12. Bxc4 O-O 13. Nc3 Bxf3 14. gxf3 c6 15. f4 Nxf4 16. Qe4 Ne6 17. Kh1 b5 18. Bxb5 a6 19. Bc4 Nd7 20. f4 Ndc5 21. Qg2 Rb8 22. f5 Nc7 23. f6 {1-0 Kantor,G (2520)-Krstulovic,A (2446) ch-HUN Blitz 2024 (6.14)}) 9. c3 O-O $146 ({RR} 9... Nc6 10. Qd2 O-O 11. Rd1 Nc7 12. h3 Bf5 13. a4 Be4 14. Na3 a6 15. Bf4 Re8 16. Qe3 Bf8 17. Nc4 Ne6 18. Bg3 Bc2 19. Bh4 Be7 20. Bxe7 Rxe7 21. Rd2 d4 22. cxd4 cxd4 23. Qa3 Bg6 24. a5 {½-½ Szegi,V (1900)-Hornak,V (2110) SVK-chT2B 9394 1993 (14)}) 10. Qb3 b6 11. a4 a6 12. Rd1 Bb7 13. Ne1 Qc7 14. Na3 Nd7 15. f4 c4 16. Qc2 Bc5 17. Rd4 f6 18. Bg4 Rae8 19. Bxe6+ Rxe6 20. Qf5 Qc6 21. Qh3 fxe5 22. fxe5 Nxe5 23. Nec2 Rg6 24. Kh1 Bxd4 25. Nxd4 Qf6 26. Kg1 Bc8 27. Qh5 Bg4 0-1

[Event "Olympiad Women 2024"]
[Site "Budapest HUN"]
[Date "2024.09.14"]
[Round "4.5"]
[Board "1"]
[White "Tokhirjonova, Gulrukhbegim"]
[Black "Roebers, Eline"]
[Result "1/2-1/2"]
[WhiteElo "2380"]
[BlackElo "2340"]
[PlyCount "78"]
[EventDate "2024.09.11"]
[WhiteTeam "United States of America"]
[BlackTeam "Netherlands"]
[BlackTeamCountry "NED"]

1. d4 Nf6 2. c4 g6 3. g3 Bg7 4. Bg2 O-O 5. Nf3 d6 6. O-O Nbd7 7. Nc3 e5 8. e4 Re8 9. h3 b6 10. d5 Nc5 11. Ne1 a5 12. b3 Rf8 ({RR} 12... Nfd7 13. Qc2 Rf8 14. Bb2 f5 15. exf5 gxf5 16. f4 e4 17. Nd1 Bxb2 18. Qxb2 Qf6 19. Rb1 Qg6 20. Kh2 Nf6 21. Ne3 Kf7 22. Qf2 Rg8 23. Rg1 h5 24. Bf1 h4 25. Be2 hxg3+ 26. Rxg3 Qxg3+ 27. Qxg3 {0-1 Emanuel,Y (2316)-Sivuk,V (2520) TCh-ISR 2024 (5.1)}) 13. Be3 $146 ({RR} 13. Rb1 Ne8 14. Nc2 f5 15. exf5 gxf5 16. a3 a4 17. b4 Nb3 18. Bb2 f4 19. Ne4 Bf5 20. g4 Bd7 21. Qd3 Nf6 22. Nxf6+ Qxf6 23. Be4 Qh4 24. Ne1 h5 25. Ng2 Qg5 26. f3 hxg4 27. hxg4 Bf6 {1-0 Ponkratov,P (2641)-Gumularz,S (2539) Wch Blitz Warsaw 2021 (19)}) ({RR} 13. Rb1 Nh5 14. a3 f5 15. exf5 Bxf5 16. Nc2 Bd3 17. Ne2 e4 18. Be3 a4 19. b4 Nb3 20. Re1 Qe7 21. g4 Nf6 22. Nf4 Bxc4 23. g5 Nd7 24. Ne6 Bd3 25. Nxf8 Rxf8 26. h4 Ne5 27. Nd4 Bxb1 {0-1 Vakhidov,J (2534)-Praggnanandhaa,R (2608) Tetraktys Concept Mgmt blitz 2021 (8)}) 13... Nfd7 14. a3 f5 15. b4 f4 16. Bxc5 bxc5 17. bxc5 fxg3 18. fxg3 Rxf1+ 19. Bxf1 Nxc5 20. Ra2 Qg5 21. Kh2 Rb8 22. Nd3 Nxd3 23. Bxd3 Bd7 24. Nb5 Qe3 25. Qd2 Qxd2+ 26. Rxd2 Bxb5 27. cxb5 Bh6 28. Rc2 Rb7 29. Kg2 Be3 30. a4 Bc5 31. Rc1 Rb8 32. Rf1 Rf8 33. Rxf8+ Kxf8 34. Kf3 Ke7 35. Be2 Kf6 36. Bd3 Bb6 37. Be2 Bc5 38. Bd3 Bb6 39. Be2 Bc5 1/2-1/2

[Event "Olympiad Women 2024"]
[Site "Budapest HUN"]
[Date "2024.09.14"]
[Round "4.5"]
[Board "2"]
[White "Van Foreest, Machteld"]
[Black "Yip, Carissa"]
[Result "0-1"]
[WhiteElo "2224"]
[BlackElo "2386"]
[PlyCount "92"]
[EventDate "2024.09.11"]
[WhiteTeam "Netherlands"]
[BlackTeam "United States of America"]
[WhiteTeamCountry "NED"]

1. e4 e5 2. Nf3 Nc6 3. Bc4 Bc5 4. c3 Nf6 5. d3 d6 6. Nbd2 a6 7. Bb3 Ba7 8. h3 Qe7 ({RR} 8... h6 9. Nf1 Be6 10. N3h2 Qd7 11. Qf3 Bxb3 12. axb3 O-O-O 13. Ng3 d5 14. O-O dxe4 15. dxe4 Qd3 16. b4 Qxf3 17. Nxf3 Rd3 18. b5 axb5 19. Nxe5 Nxe5 20. Rxa7 Kb8 21. Ra2 Rhd8 22. Bf4 Nc4 23. b3 {0-1 Morozevich,A (2788)-Kramnik,V (2788) Moscow Tal Memorial Blitz 2008 (29)}) 9. Nf1 Bd7 ({RR} 9... Be6 10. Qe2 Bxb3 11. axb3 Qe6 12. b4 h6 13. Ng3 Ne7 14. Nh4 O-O 15. Nhf5 Nxf5 16. Nxf5 d5 17. O-O h5 18. Qf3 dxe4 19. dxe4 g6 20. Bh6 Rfd8 21. Ne3 c6 22. Bg5 Rd6 23. Bxf6 Qxf6 24. Nc4 {1-0 Kilic,E (2422)-Erten,K (2287) TCh-TUR Super League 2023 (2.3)}) 10. Be3 $146 ({RR} 10. Qe2 h6 11. Be3 O-O-O 12. O-O-O Kb8 13. Bxa7+ Kxa7 14. Ne3 Rhe8 15. g4 Be6 16. Rhe1 d5 17. exd5 Nxd5 18. Bxd5 Bxd5 19. Nxd5 Rxd5 20. d4 exd4 21. Qxe7 Rxe7 22. Nxd4 Rxe1 23. Nxc6+ Kb6 24. Rxe1 Kxc6 {½-½ Spence,D (2235)-Merry,A (2342) Newmarket EACU op 2015 (5)}) 10... O-O-O 11. Bxa7 Nxa7 12. Ne3 Kb8 13. c4 c6 14. Qd2 Be6 15. Qc3 g6 16. Bc2 Bc8 17. b4 Rhe8 18. Bb3 g5 19. Nxg5 d5 20. cxd5 Nxd5 21. exd5 Qxg5 22. Rc1 f5 23. dxc6 Nxc6 24. Bd5 Rxd5 25. Nxd5 Qxg2 26. Qc5 Rd8 27. Ne7 Qxh1+ 28. Ke2 Qg2 29. Rg1 Qxg1 30. Nxc6+ bxc6 31. Qb6+ Bb7 32. Qxd8+ Ka7 33. Qe7 Qg8 34. Qc5+ Ka8 35. Qxe5 Qxa2+ 36. Ke3 Qf7 37. Qh8+ Ka7 38. Qd4+ Kb8 39. Qe5+ Kc8 40. Kf4 Qc7 41. Kxf5 Qxe5+ 42. Kxe5 Kd7 43. f4 Ke7 44. h4 Bc8 45. d4 Be6 46. h5 h6 0-1

[Event "Olympiad Women 2024"]
[Site "Budapest HUN"]
[Date "2024.09.14"]
[Round "4.5"]
[Board "3"]
[White "Krush, Irina"]
[Black "Bensdorp-De Labaca, Marlies"]
[Result "1-0"]
[WhiteElo "2396"]
[BlackElo "2241"]
[PlyCount "81"]
[EventDate "2024.09.11"]
[WhiteTeam "United States of America"]
[BlackTeam "Netherlands"]
[BlackTeamCountry "NED"]

1. c4 e6 2. Nc3 d5 3. d4 Nf6 4. cxd5 exd5 5. Bg5 Be7 6. e3 O-O 7. Bd3 Re8 8. Nge2 h6 9. Bh4 c6 10. O-O a5 ({RR} 10... Nh5 11. Bxe7 Qxe7 12. Rb1 a5 13. a3 Na6 14. Na4 Nf6 15. Nb6 Ra7 16. Qa4 Nc7 17. b4 Nd7 18. Nxc8 Rxc8 19. bxa5 Rca8 20. Qb3 Rb8 21. Qb4 Kf8 22. Rfc1 Na6 23. Qc3 Rba8 24. Bxa6 Rxa6 25. Rxb7 {1-0 Muradli,M (2555)-Tulchynskyi,F (2288) Titled Tue 13th Feb Late 2024 (6)}) 11. Qc2 ({RR} 11. f3 b5 12. Kh1 Nbd7 13. Rc1 Nb6 14. b3 Bb7 15. Bf2 b4 16. Nb1 Bd6 17. Nd2 Bf8 18. e4 dxe4 19. fxe4 c5 20. Bh4 g5 21. Bf2 Nxe4 22. Nxe4 Bxe4 23. Bxe4 Rxe4 24. Ng3 Re6 25. dxc5 Nd5 {1-0 Mamedyarov,S (2738)-Eljanov,P (2705) ChessKid Cup Play-In 2023 (5.16)}) 11... Na6 12. a3 Nc7 13. Rad1 $146 ({RR} 13. Na4 Ne6 14. Nc5 Nxc5 15. Bxf6 Bxf6 16. Qxc5 Be7 17. Qc2 Bd6 18. Rfe1 Qg5 19. Ng3 g6 20. e4 Bxg3 21. hxg3 dxe4 22. Rxe4 Rxe4 23. Bxe4 Be6 24. Qc3 Rd8 25. Bf3 Qb5 26. b4 axb4 27. axb4 Qc4 {0-1 Schmidlechner,A (2147)-Tica,S (2444) TCh-AUT 2nd West 2023-24 (5.3)}) 13... Ne6 14. f3 b5 15. Kh1 Ba6 16. Bf2 Qb8 17. Ng3 b4 18. Nce2 Bxd3 19. Rxd3 c5 20. dxc5 Nxc5 21. Rdd1 bxa3 22. bxa3 Qb3 23. Qxb3 Nxb3 24. a4 Bb4 25. Nf4 Bd2 26. Nf5 Rab8 27. Bh4 Rb6 28. Be1 Bxe1 29. Rfxe1 Rb4 30. Nxd5 Nxd5 31. Rxd5 Rxa4 32. h4 h5 33. Rd7 Ra2 34. Red1 a4 35. Ra7 Nc5 36. Rd5 Rc2 37. Kh2 Ne6 38. Ne7+ Kf8 39. Rxh5 Rc7 40. Nd5 f6 41. Nxc7 1-0

[Event "Olympiad Women 2024"]
[Site "Budapest HUN"]
[Date "2024.09.14"]
[Round "4.5"]
[Board "4"]
[White "Kazarian, Anna-Maja"]
[Black "Lee, Alice"]
[Result "0-1"]
[WhiteElo "2180"]
[BlackElo "2384"]
[PlyCount "64"]
[EventDate "2024.09.11"]
[WhiteTeam "Netherlands"]
[BlackTeam "United States of America"]
[WhiteTeamCountry "NED"]

1. e4 c5 2. Nf3 Nc6 3. Bb5 e6 4. Bxc6 bxc6 5. O-O Ne7 6. b3 Ng6 7. Bb2 f6 8. e5 Be7 9. Re1 ({RR} 9. d3 O-O 10. Nbd2 Rb8 11. Qe1 Ba6 12. Nc4 Qc7 13. Qe3 Rbe8 14. Rae1 Rf7 15. h4 Bxc4 16. dxc4 fxe5 17. h5 Nh4 18. Nxe5 Rf5 19. g4 Rff8 20. f4 d6 21. Nd3 Bd8 22. Qh3 Qd7 23. Re3 e5 {1-0 Carlsen,M (2862)-Maghsoodloo,P (2676) Chess.com Speed blitz 2020 (1.22)}) 9... O-O 10. d3 Qe8 $146 ({RR} 10... fxe5 11. Nxe5 Nxe5 12. Bxe5 d6 13. Bg3 Bf6 14. c3 a5 15. Qc2 a4 16. Nd2 Rf7 17. Ne4 e5 18. bxa4 Rfa7 19. Qb3+ Kh8 20. Nxf6 gxf6 21. d4 cxd4 22. cxd4 Qg8 23. Qf3 Qe6 24. dxe5 fxe5 25. Qf8+ {1-0 Myall,I (1995)-Titz,H (2161) Wch Seniors 65 28th 2018 (9)}) ({RR} 10... fxe5 11. Nxe5 Bf6 12. Nd2 Nf4 13. Ndf3 d6 14. Nc4 e5 15. Ne3 d5 16. c4 e4 17. Bxf6 Qxf6 18. dxe4 dxe4 19. Nd2 Nh3+ 20. gxh3 Qxf2+ 21. Kh1 Bxh3 22. Nxe4 Qf4 23. Ng3 Rad8 24. Qc2 Qf3+ 25. Kg1 {1-0 Kalyani Sirin (2163)-Cherukuri,N (2060) Titled Tue 18th Jun Early 2024 (4)}) ({RR} 10... Qc7 11. Na3 fxe5 12. Nxe5 Nh8 13. Qd2 d6 14. Nf3 e5 15. Qe3 Ng6 16. Nc4 Bg4 17. Ncd2 Rf5 18. h3 Bxf3 19. Nxf3 Raf8 20. Rf1 Rxf3 21. gxf3 Nf4 22. Qe4 Qd7 23. Bc1 Qxh3 24. Bxf4 Rxf4 25. Rae1 {0-1 Dimitrijevic,M (2255)-Begus,D (2300) SRB-chT 2nd League West 2019 (11.3)}) ({RR} 10... fxe5 11. Nxe5 Bf6 12. Nd2 Bxe5 13. Bxe5 d6 14. Bg3 e5 15. c3 Bf5 16. Nc4 Be6 17. d4 Bxc4 18. bxc4 cxd4 19. cxd4 Qf6 20. c5 dxc5 21. dxe5 Qe6 22. Qd6 Qxd6 23. exd6 Rad8 24. Rac1 Nf4 25. Rc4 {0-1 Sarkar,J (2366)-Maghsoodloo,P (2676) Titled Tuesday intern op 22nd Dec blitz 2020 (5)}) 11. Nbd2 fxe5 12. Nxe5 d6 13. Nec4 e5 14. Ne4 Nh4 15. Ng3 Qf7 16. Qe2 Bg4 17. f3 Be6 18. Nd2 Ng6 19. Qe4 Bg5 20. Ndf1 Nf4 21. Ne3 Bd5 22. Qf5 Qe7 23. Qg4 Be6 24. Nef5 Qd8 25. h4 Bf6 26. h5 Kh8 27. Bc1 Qd7 28. Rb1 Nd5 29. f4 exf4 30. Bxf4 Nxf4 31. Qxf4 Bxf5 32. Nxf5 Bd4+ 0-1